The importance of being Earnest : Victorian society on stage /

Guardat en:
Dades bibliogràfiques
Autor principal: Wilde, Oscar (Autor)
Altres autors: Faini, Paola
Format: Llibre
Idioma:anglès
Publicat: Roma : Lucarini scuola, 1987
Etiquetes: Afegir etiqueta
Sense etiquetes, Sigues el primer a etiquetar aquest registre!

MARC

LEADER 00000nam a22000007i 4500
001 IT\ICCU\RLZ\0217779
003 ItRI
005 20240317115805.0
008 020701s1987 it |||||| ||||| |||||c
020 |a 8885767176 
040 |b ita  |c ZM 
041 7 |a eng  |2 ISO-639-2 
100 1 |a Wilde, Oscar  |0 IT\ICCU\CFIV\000261  |4 aut 
240 1 4 |a The importance of being Earnest.  |9 Wilde, Oscar 
245 1 4 |a The importance of being Earnest :  |b Victorian society on stage /  |c Oscar Wilde ; introduction and notes by Paola Faini. 
260 |a Roma :  |b Lucarini scuola,  |c 1987 
300 |a 99 p., [6] p. di tav. :  |b ill. ;  |c 24 cm 
700 1 |a Faini, Paola  |0 IT\ICCU\CFIV\022682 
942 |2 ddc  |c BK 
952 |0 0  |1 0  |2 ddc  |4 0  |6 822_800000000000000_WIL_IMP  |7 1  |9 1024  |a MO  |b MO  |d 2024-03-17  |l 0  |o 822.8 WIL IMP  |p 9145  |r 2024-03-17 12:05:53  |w 2024-03-17  |y BK 
981 1 |6 z01  |a i   |b xxxe  
982 1 |6 z01  |a n 
999 |c 935  |d 935